[Event "AUTO-ADV-3471"]
[Site "http://www.queenalice.com/game.php?id=1426805"]
[Date "2016.6.8"]
[Round "2"]
[White "jalhallib"]
[Black "Thanasis"]
[Result "0-1"]
[WhiteElo "1648"]
[BlackElo "1496"]

1. Nf3 e6 2. e4 Nc6 3. d4 d5 4. e5 Bb4+ 5. c3 Be7 6. h3 b6 7. Bb5 Bd7 8. Bxc6
Bxc6 9. O-O Nh6 10. Bxh6 gxh6 0-1

[Event "pgierech"]
[Site "http://www.queenalice.com/game.php?id=1427348"]
[Date "2016.6.12"]
[Round "5"]
[White "jalhallib"]
[Black "jupar"]
[Result "0-1"]
[WhiteElo "1731"]
[BlackElo "2058"]

1. Nf3 d5 2. d4 Nf6 3. h3 e6 4. Bg5 Be7 5. Bxf6 Bxf6 6. e3 c6 7. c4 Nd7 8. cxd5
exd5 9. b4 O-O 10. Bd3 Re8 11. O-O g6 12. Nbd2 Bg7 13. a4 Nf6 14. b5 Ne4 15.
Bxe4 dxe4 16. Nh2 cxb5 17. axb5 Qg5 18. Kh1 Qxb5 19. Rb1 Qc6 20. Qc1 Bd7 21.
Qxc6 Bxc6 22. g4 f5 23. f4 a5 24. gxf5 gxf5 25. Rg1 Kf7 26. Nc4 a4 27. Ne5+ Bxe5
28. dxe5 Rg8 29. Rxg8 Kxg8 0-1

[Event "AUTO-ADV-3656"]
[Site "http://www.queenalice.com/game.php?id=1427465"]
[Date "2016.6.13"]
[Round "1"]
[White "Artking"]
[Black "jalhallib"]
[Result "1-0"]
[WhiteElo "1899"]
[BlackElo "2002"]

1. d4 d5 2. c4 e6 3. Nc3 Bb4 4. Qc2 Bxc3+ 5. bxc3 h6 6. Bf4 Nf6 7. Nf3 Nc6 8. e3
a6 9. Rb1 b6 10. Bd3 dxc4 11. Bxc4 Bb7 12. a4 Na5 13. Ba2 Bxf3 14. gxf3 O-O 15.
Rg1 Kh8 16. Rd1 Nd5 17. Be5 f6 18. Qg6 Qe7 19. Bb1 f5 20. Qxh6+ Kg8 21. Rxg7+
1-0

[Event "AUTO-ADV-3656"]
[Site "http://www.queenalice.com/game.php?id=1427466"]
[Date "2016.6.13"]
[Round "1"]
[White "jalhallib"]
[Black "Artking"]
[Result "0-1"]
[WhiteElo "1841"]
[BlackElo "2043"]

1. d4 Nf6 2. Nf3 c5 3. e3 g6 4. d5 d6 5. Bb5+ Nbd7 6. Bxd7+ Bxd7 7. Nc3 Bg7 8.
h3 a6 9. e4 O-O 10. O-O b5 11. a3 b4 12. axb4 cxb4 13. Na2 Nxe4 14. Nxb4 Qb6 15.
c3 Bb5 16. Be3 Qb7 17. Re1 a5 18. Nc2 Bc4 19. Ncd4 Qxb2 20. Rb1 Qxc3 21. Nc6
Rfe8 22. Bd4 Bxd4 23. Qxd4 Qxd4 24. Nfxd4 Bxd5 25. f3 Nd2 26. Rb7 Kf8 27. Rbxe7
Rxe7 28. Nxe7 Bc4 29. Nec6 a4 30. Nb4 a3 31. Ndc2 a2 32. Na1 Nb3 33. Nxb3 Bxb3
34. Ra1 Rb8 35. Nd3 Bc4 0-1

[Event "AUTO-ADV-3656"]
[Site "http://www.queenalice.com/game.php?id=1427491"]
[Date "2016.6.13"]
[Round "1"]
[White "Scooby_99"]
[Black "jalhallib"]
[Result "0-1"]
[WhiteElo "1839"]
[BlackElo "1992"]

1. e4 c6 2. Nf3 d5 3. exd5 cxd5 4. d4 Bg4 5. Be2 Bxf3 6. Bxf3 e6 7. Nc3 h6 8.
Qe2 Bb4 9. Bd2 Bxc3 10. Bxc3 Nf6 11. Qb5+ Qd7 12. Qxd7+ Kxd7 13. O-O-O Nc6 14.
h3 a5 15. a3 b5 16. g4 b4 17. Bd2 Nxd4 18. Bg2 bxa3 19. bxa3 Rhc8 20. c3 Nb3+
21. Kc2 a4 22. Rb1 Rab8 23. Kd1 Nc5 24. Rxb8 Rxb8 25. Ke2 Nfe4 26. Rd1 Rb2 27.
Bxe4 Nxe4 28. Ke3 Nxd2 29. Rxd2 Rb3 0-1

[Event "AUTO-ADV-3656"]
[Site "http://www.queenalice.com/game.php?id=1427492"]
[Date "2016.6.13"]
[Round "1"]
[White "jalhallib"]
[Black "Scooby_99"]
[Result "0-1"]
[WhiteElo "1911"]
[BlackElo "1883"]

1. b3 d5 2. Bb2 Bf5 3. e3 e6 4. d3 Nf6 5. Bxf6 Qxf6 6. Nd2 Bb4 7. d4 Bc3 8. Rb1
Qg6 9. Bd3 Bxd3 10. cxd3 Qxd3 11. Nf3 Bxd2+ 12. Nxd2 Nc6 13. Nf3 Qxd1+ 14. Rxd1
O-O 15. a3 a6 16. O-O Ne7 17. Rc1 c6 18. a4 Nf5 19. h3 h5 20. Ne5 g5 21. Nd7
Rfd8 22. Nf6+ Kg7 23. Nxh5+ Kg6 24. Ng3 Rh8 25. Nxf5 exf5 26. f3 f6 27. b4 Rhe8
28. Kf2 Rac8 29. Rfe1 b5 30. a5 Kf7 31. Rc5 Ke6 32. g3 Kd6 33. h4 gxh4 34. gxh4
Rh8 35. Rh1 Rh5 36. Kg3 Rg8+ 37. Kf2 Rgh8 38. Kg3 Re8 39. Kf4 Rg8 40. Rc2 Rgh8
41. Kg3 Rg8+ 0-1

[Event "AUTO-ADV-3663"]
[Site "http://www.queenalice.com/game.php?id=1428853"]
[Date "2016.6.24"]
[Round "1"]
[White "jalhallib"]
[Black "worldwide"]
[Result "0-1"]
[WhiteElo "1894"]
[BlackElo "1838"]

1. e4 e5 2. Nf3 d6 3. d4 exd4 4. Nxd4 g6 5. c3 Bg7 6. h3 Bd7 7. Bc4 Nf6 8. Bg5
Nc6 9. Nxc6 Bxc6 10. Bxf6 Qxf6 11. Nd2 b5 12. Bd3 O-O 13. O-O a5 14. Rb1 d5 15.
exd5 Bxd5 16. a3 Qc6 17. f3 Qc5+ 0-1

[Event "AUTO-ADV-3663"]
[Site "http://www.queenalice.com/game.php?id=1428854"]
[Date "2016.6.24"]
[Round "1"]
[White "worldwide"]
[Black "jalhallib"]
[Result "1-0"]
[WhiteElo "1856"]
[BlackElo "1876"]

1. Nf3 d5 2. d4 h6 3. e3 Nf6 4. b3 e6 5. Bb2 a6 6. Nc3 Bb4 7. a3 Bxc3+ 8. Bxc3
O-O 9. Bb4 Re8 10. Ne5 Nbd7 11. Nxd7 Nxd7 12. Bd3 b5 13. c4 bxc4 14. bxc4 dxc4
15. Bxc4 Bb7 16. O-O Nb6 17. Bd3 a5 18. Bc5 Qd5 19. e4 1-0

[Event "AUTO-ADV-3663"]
[Site "http://www.queenalice.com/game.php?id=1428855"]
[Date "2016.6.24"]
[Round "1"]
[White "jalhallib"]
[Black "Artking"]
[Result "0-1"]
[WhiteElo "1850"]
[BlackElo "2034"]

1. e4 g6 2. d4 Bg7 3. Nf3 d6 4. Nc3 c6 5. h3 Nd7 6. Bd2 Ngf6 7. Bg5 O-O 8. Bxf6
Bxf6 9. a3 e5 10. d5 c5 11. Bb5 a6 12. Bxd7 Bxd7 13. O-O b5 0-1

[Event "AUTO-ADV-3663"]
[Site "http://www.queenalice.com/game.php?id=1428856"]
[Date "2016.6.24"]
[Round "1"]
[White "Artking"]
[Black "jalhallib"]
[Result "1-0"]
[WhiteElo "2025"]
[BlackElo "1859"]

1. e4 c6 2. d4 d5 3. Nc3 e6 4. e5 Bb4 5. Bd3 h6 6. f4 Bxc3+ 7. bxc3 Ne7 8. Nf3
Nd7 9. O-O c5 10. a4 c4 11. Be2 O-O 12. g4 Ng6 13. f5 1-0

[Event "AUTO-ADV-3663"]
[Site "http://www.queenalice.com/game.php?id=1428857"]
[Date "2016.6.24"]
[Round "1"]
[White "jalhallib"]
[Black "modesto54"]
[Result "0-1"]
[WhiteElo "1788"]
[BlackElo "1876"]

1. d4 Nf6 2. Nf3 g6 3. Nc3 Bg7 4. e4 d6 5. h3 O-O 6. Be2 a6 7. Bg5 d5 8. Bxf6
Bxf6 9. e5 Bh8 10. O-O f6 11. Nxd5 Qxd5 12. b3 Nc6 13. c4 Qd8 14. d5 Nxe5 15.
Nxe5 fxe5 0-1

[Event "AUTO-ADV-3663"]
[Site "http://www.queenalice.com/game.php?id=1428858"]
[Date "2016.6.24"]
[Round "1"]
[White "modesto54"]
[Black "jalhallib"]
[Result "1-0"]
[WhiteElo "1862"]
[BlackElo "1802"]

1. e4 c6 2. d3 d5 3. Nd2 dxe4 4. Nxe4 e6 5. g3 h6 6. Bg2 Nf6 7. Nxf6+ Qxf6 8.
Nf3 Bd6 9. O-O Bd7 10. Be3 O-O 11. c3 e5 12. d4 Bg4 13. h3 Bxf3 14. Qxf3 Qxf3
15. Bxf3 Nd7 16. d5 1-0

[Event "AUTO-OPEN-3671"]
[Site "http://www.queenalice.com/game.php?id=1429053"]
[Date "2016.6.25"]
[Round "1"]
[White "jalhallib"]
[Black "Guilhermerocha"]
[Result "0-1"]
[WhiteElo "1983"]
[BlackElo "1782"]

1. d4 c5 2. Nf3 Nc6 3. d5 Nb4 4. a3 Na6 5. e4 e6 6. dxe6 fxe6 7. Bxa6 bxa6 8.
Nc3 Bb7 9. Bg5 Be7 10. Bxe7 Qxe7 11. O-O Rd8 12. e5 d6 13. exd6 Rxd6 14. Qe2 Nf6
15. h3 O-O 16. Rad1 Rfd8 17. Rxd6 Qxd6 18. Rd1 Nd5 0-1

[Event "AUTO-OPEN-3671"]
[Site "http://www.queenalice.com/game.php?id=1429054"]
[Date "2016.6.25"]
[Round "1"]
[White "Guilhermerocha"]
[Black "jalhallib"]
[Result "1-0"]
[WhiteElo "1756"]
[BlackElo "2009"]

1. d4 d5 2. c4 e6 3. cxd5 Qxd5 4. Nc3 Bb4 5. Bd2 Bxc3 6. Bxc3 Nf6 7. f3 O-O 8.
Qa4 Bd7 9. Qb4 Qb5 10. Qa3 Nd5 11. e4 Qa4 12. Qxa4 Bxa4 13. exd5 exd5 14. Bd3
Re8+ 15. Ne2 Nd7 16. O-O c5 17. b3 Bc6 18. Nf4 Re7 19. Rfe1 1-0